[Event "North American op 22nd"]
[Site "Las Vegas"]
[Date "2012.12.27"]
[Round "4"]
[White "Kavutskiy, Konstantin"]
[Black "Aldama Degurnay, Dionisio"]
[Result "0-1"]
[WhiteElo "2299"]
[BlackElo "2434"]
[PlyCount "74"]
[EventDate "2012.12.26"]
[EventType "swiss"]
[EventRounds "9"]
[EventCountry "USA"]
[SourceTitle "CBM 152 Extra"]
[Source "ChessBase"]
[SourceDate "2013.02.25"]
[SourceVersion "1"]
[SourceVersionDate "2013.02.25"]
[SourceQuality "1"]

1. e4 c5 2. Nf3 e6 3. d4 cxd4 4. Nxd4 a6 5. Nc3 Qc7 6. g3 Nf6 7. Bg2 Bb4 8. Bd2 Nc6 9. Nb3 0-0 10. 0-0 d6 11. f4 Bd7 12. a3 Ba5 13. g4 e5 14. f5 Bxc3 15. Bxc3 h6 16. h4 h5 17. gxh5 Kh8 18. Kh1 Kh7 19. Bf3 Rad8 20. Qe1 Rg8 21. Rg1 Ne7 22. Qg3 Bc6 23. Rae1 b6 24. Nd2 Qb7 25. Qg5 Ne8 26. Nc4 f6 27. Qg2 d5 28. exd5 Rxd5 29. Re3 Rc5 30. Nd2 Nd6 31. Bb4 Rd5 32. Bxd6 Rxd2 33. Qxd2 Bxf3+ 34. Kh2 Nxf5 35. Rd3 Qe4 36. Qf2 Qf4+ 37. Rg3 Qxh4+ 0-1

[Event "Los Angeles Metropolitan 22nd"]
[Site "Los Angeles"]
[Date "2012.08.18"]
[Round "9"]
[White "Sevillano, Enrico"]
[Black "Aldama Degurnay, Dionisio"]
[Result "0-1"]
[WhiteElo "2526"]
[BlackElo "2425"]
[PlyCount "88"]
[EventDate "2012.08.14"]
[EventType "swiss"]
[EventRounds "9"]
[EventCountry "USA"]
[SourceTitle "CBM 150 Extra"]
[Source "ChessBase"]
[SourceDate "2012.10.19"]
[SourceVersion "1"]
[SourceVersionDate "2012.10.19"]
[SourceQuality "1"]

1. e4 c5 2. Nf3 e6 3. d4 cxd4 4. Nxd4 a6 5. Nc3 Qc7 6. g3 Nf6 7. Bg2 Bb4 8. 0-0 Bxc3 9. bxc3 d6 10. Ba3 0-0 11. e5 dxe5 12. Nb3 Bd7 13. Bxf8 Kxf8 14. Qc1 Bc6 15. Qa3+ Qe7 16. Qxe7+ Kxe7 17. Rfe1 Bxg2 18. Kxg2 Nc6 19. Nc5 b6 20. Nd3 e4 21. Nb4 Nb8 22. a3 a5 23. Na2 Nbd7 24. Rab1 Rc8 25. h3 Rc6 26. Kf1 Ne5 27. Re2 Nc4 28. a4 Nd7 29. Nc1 Nc5 30. Ra1 Nb2 31. Nb3 Nbxa4 32. Nxc5 Nxc5 33. Ree1 f5 34. Ke2 Nd7 35. Ra3 Nf6 36. Rb1 Nd5 37. Kd2 Kd6 38. h4 g6 39. Rbb3 e3+ 40. fxe3 Nf6 41. Rb5 Ne4+ 42. Kd3 Nxg3 43. c4 Ne4 44. Kd4 Kc7 0-1

[Event "Los Angeles Metropolitan 22nd"]
[Site "Los Angeles"]
[Date "2012.08.17"]
[Round "6"]
[White "Aldama Degurnay, Dionisio"]
[Black "Ishkanov, Tigran"]
[Result "1-0"]
[WhiteElo "2425"]
[BlackElo "2324"]
[PlyCount "85"]
[EventDate "2012.08.14"]
[EventType "swiss"]
[EventRounds "9"]
[EventCountry "USA"]
[SourceTitle "CBM 150 Extra"]
[Source "ChessBase"]
[SourceDate "2012.10.19"]
[SourceVersion "1"]
[SourceVersionDate "2012.10.19"]
[SourceQuality "1"]

1. e4 e6 2. d4 d5 3. Nc3 Bb4 4. e5 c5 5. a3 Bxc3+ 6. bxc3 Ne7 7. h4 Qa5 8. Bd2 Nbc6 9. a4 Bd7 10. h5 Qc7 11. Ne2 h6 12. f4 Na5 13. Rh3 Nc4 14. Bc1 a5 15. dxc5 Qxc5 16. Nd4 f6 17. Rb1 fxe5 18. fxe5 0-0-0 19. Nb5 Bxb5 20. Rxb5 Qc7 21. Kf2 Nc6 22. Bxc4 Rhf8+ 23. Rf3 dxc4 24. Qe2 Rxf3+ 25. gxf3 Qf7 26. Qxc4 Qf5 27. Kg3 Rd1 28. Be3 Rh1 29. Qg4 Rxh5 30. Qxf5 Rxf5 31. f4 Rh5 32. Bb6 g5 33. f5 exf5 34. e6 g4 35. Kf4 g3 36. Kxg3 Rg5+ 37. Kf4 Rg4+ 38. Kxf5 Rxa4 39. Rb1 Ne7+ 40. Ke5 Rg4 41. Rf1 Rg8 42. Kd6 Nc6 43. Rf6 1-0

[Event "Los Angeles Metropolitan 22nd"]
[Site "Los Angeles"]
[Date "2012.08.16"]
[Round "5"]
[White "Sevian, Samuel"]
[Black "Aldama Degurnay, Dionisio"]
[Result "1/2-1/2"]
[WhiteElo "2316"]
[BlackElo "2425"]
[PlyCount "53"]
[EventDate "2012.08.14"]
[EventType "swiss"]
[EventRounds "9"]
[EventCountry "USA"]
[SourceTitle "CBM 150 Extra"]
[Source "ChessBase"]
[SourceDate "2012.10.19"]
[SourceVersion "1"]
[SourceVersionDate "2012.10.19"]
[SourceQuality "1"]

1. e4 e5 2. Nf3 Nc6 3. Bb5 a6 4. Ba4 Nf6 5. 0-0 b5 6. Bb3 Bb7 7. d3 Be7 8. Re1 0-0 9. h3 d6 10. a3 h6 11. Nbd2 Nh7 12. Nf1 Ng5 13. c3 Nxf3+ 14. Qxf3 Bg5 15. Ng3 Bxc1 16. Raxc1 Ne7 17. Nf5 Kh7 18. Nxe7 Qxe7 19. Qe3 Qg5 20. Qxg5 hxg5 21. d4 Rad8 22. f3 g6 23. dxe5 dxe5 24. Rcd1 Kg7 25. Kf2 Kf6 26. Rxd8 Rxd8 27. Rd1 1/2-1/2

[Event "USA tt"]
[Site "ICC INT"]
[Date "2010.09.07"]
[Round "3"]
[White "Banawa, Joel Cholo"]
[Black "Aldama Degurnay, Dionisio"]
[Result "1/2-1/2"]
[WhiteElo "2345"]
[BlackElo "2141"]
[PlyCount "144"]
[EventDate "2010.08.23"]
[EventType "team"]
[EventRounds "10"]
[EventCountry "USA"]
[SourceTitle "CBM 138 Extra"]
[Source "ChessBase"]
[SourceDate "2010.10.29"]
[SourceVersion "1"]
[SourceVersionDate "2010.10.29"]
[SourceQuality "1"]

1. d4 Nf6 2. c4 c5 3. d5 e6 4. Nc3 exd5 5. cxd5 d6 6. Nf3 g6 7. h3 Bg7 8. e4 0-0 9. Bd3 a6 10. a4 Re8 11. 0-0 Nbd7 12. Re1 Rb8 13. Bf4 Qc7 14. Nd2 Ne5 15. Be2 h6 16. Rc1 g5 17. Bg3 Bd7 18. b4 cxb4 19. Nb5 Qb6 20. a5 Qxa5 21. Nxd6 Ba4 22. Nb3 Qd8 23. Nxe8 Nxe8 24. Qd2 Bxb3 25. Qxb4 Bxd5 26. Red1 Nc6 27. Rxc6 Bxc6 28. Rxd8 Rxd8 29. e5 Nc7 30. Qb6 Rc8 31. Bc4 Ne6 32. f3 Bf8 33. Kh2 Bc5 34. Qb1 Re8 35. Qf5 Bf8 36. Bd3 Bg7 37. h4 a5 38. hxg5 hxg5 39. Bf2 Rd8 40. f4 gxf4 41. Bh4 Rxd3 42. Qxd3 Bxe5 43. Qf5 Bc7 44. Kh1 a4 45. Be7 Bb6 46. Qg4+ Kh7 47. Bf6 Kh6 48. Kh2 Be4 49. Qg8 Bg6 50. Qa8 Bf5 51. Qxb7 Kg6 52. Be5 Bd4 53. Bd6 Bc5 54. Bxc5 Nxc5 55. Qc6+ Ne6 56. Qxa4 Kf6 57. Qc6 Bg6 58. Kg1 Kg5 59. Kf2 Kg4 60. Qd5 Bf5 61. Qe5 Bg6 62. Qe2+ Kf5 63. Qb5+ Kg4 64. Qe5 Bf5 65. Qc3 Kg5 66. Ke2 Bg6 67. Kd2 Kg4 68. Qh3+ Kg5 69. Kc3 Bf5 70. Qf3 Bg4 71. Qf2 Bf5 72. Qf3 Bg4 1/2-1/2

[Event "Mesa Copper State-B"]
[Site "Mesa"]
[Date "2010.06.08"]
[Round "7"]
[White "Troff, Kayden W"]
[Black "Aldama Degurnay, Dionisio"]
[Result "1-0"]
[WhiteElo "2201"]
[BlackElo "2141"]
[PlyCount "61"]
[EventDate "2010.06.04"]
[EventType "swiss"]
[EventRounds "9"]
[EventCountry "USA"]
[SourceTitle "CBM 136 Extra"]
[Source "ChessBase"]
[SourceDate "2010.07.02"]
[SourceVersion "2"]
[SourceVersionDate "2010.07.15"]
[SourceQuality "1"]

1. d4 Nf6 2. c4 e6 3. Nf3 Bb4+ 4. Bd2 Qe7 5. g3 Ne4 6. a3 Bxd2+ 7. Nbxd2 Nxd2 8. Qxd2 a5 9. b3 0-0 10. Bg2 d6 11. 0-0 e5 12. e4 Bg4 13. Ne1 c5 14. d5 a4 15. b4 cxb4 16. axb4 Rc8 17. Nc2 Rxc4 18. Ne3 Rd4 19. Qc3 Qd7 20. Nc2 Be2 21. Nxd4 exd4 22. Qxd4 Bxf1 23. Bxf1 Qc7 24. Bb5 a3 25. e5 dxe5 26. d6 Qd8 27. Qxe5 Nd7 28. Qe7 Nf8 29. Rxa3 Rc8 30. Rc3 Ne6 31. d7 1-0